• 首页
  • 本馆介绍
  • 公告通知
  • 最新文献
  • 馆藏检索
  • 电子资源
  • 读者导购
  • 参考咨询
  • 我的图书馆
  • 登录
  • 详细信息显示
  • 放入我的书架
  • 预约/预借图书
  • 作者相关作品
  • 分类相关作品
  • 丛书相关作品
  • 出版社相关作品

书目信息

  • 表格格式
  • 工作单格式
  • 卡片格式
题名:
自动装配图集
    
 
作者: 韦布,R.M. , 霍利斯,W.S. 编 ;胡潮曾 译
分册:   工作头机构
出版信息: 上海   上海科学技术出版社  1983
页数: 356页
开本: 25cm
丛书名:
单 册:
中图分类: TP278-64.05
科图分类:
主题词: 自动生产线--装配(机械)--图集
电子资源:
ISBN: 15119.2258
000 00782nam0 2200253 450
001 0183004838
005 20100712220502.0
010    @a15119.2258@dCNY2.10
091    @a15119.2258
100    @a19950421d1983 em y0chiy0110 ea
101 1  @achi@ceng
102    @aCN@b310000
105    @aa z 000yy
106    @ar
200 1  @a自动装配图集@9Zi Dong Zhuang Pei Tu Ji @i工作头机构@f(英)韦布,R.M.,(英)霍利斯,W.S.编@g胡潮曾等译
210    @a上海@c上海科学技术出版社@d1983
215    @a356页@d25cm
606 0  @a自动生产线@x装配(机械)@x图集
690    @aTP278-64.05@v3
701  1 @a韦布,R.M.@9wei bu,R.M.@4编
701  1 @a霍利斯,W.S.@9huo li si,W.S.@4编
702  0 @a胡潮曾@9hu chao zeng@4译
801  0 @aCN@b91MARC@c20130904
905    @aBZT@dTP278-64.05@e1@f19@sTP278-64.05/1
    
    自动装配图集.工作头机构/(英)韦布,R.M.,(英)霍利斯,W.S.编/胡潮曾等译.-上海:上海科学技术出版社,1983
    356页;25cm
    
    
    ISBN 15119.2258:CNY2.10
    
●
相关链接 在五车中查询图书 在当当中查询图书 在豆瓣中查询图书


正题名:自动装配图集     索取号:TP278-64.05/1         预约/预借

序号 登录号 条形码 馆藏地/架位号 状态 备注
1 2000073601   2000073601   旧书回溯/ [索取号:TP278-64.05/1] 在馆    
2 2000073602   2000073602   旧书回溯/ [索取号:TP278-64.05/1] 在馆    
3 2000073603   2000073603   旧书回溯/ [索取号:TP278-64.05/1] 在馆    
4 2000073604   2000073604   旧书回溯/ [索取号:TP278-64.05/1] 在馆    
5 2000073605   2000073605   旧书回溯/ [索取号:TP278-64.05/1] 在馆    
6 2000073606   2000073606   旧书回溯/ [索取号:TP278-64.05/1] 在馆    
7 2000073607   2000073607   旧书回溯/ [索取号:TP278-64.05/1] 在馆    
8 2000073608   2000073608   旧书回溯/ [索取号:TP278-64.05/1] 在馆    
9 2000073609   2000073609   旧书回溯/ [索取号:TP278-64.05/1] 在馆    
10 2000073610   2000073610   旧书回溯/ [索取号:TP278-64.05/1] 在馆    
11 2000073611   2000073611   旧书回溯/ [索取号:TP278-64.05/1] 在馆    
12 2000073612   2000073612   旧书回溯/ [索取号:TP278-64.05/1] 在馆    
13 2000120400   2000120400   旧书回溯/ [索取号:TP278-64.05/1] 在馆    
14 2000120401   2000120401   旧书回溯/ [索取号:TP278-64.05/1] 在馆    
15 2000120402   2000120402   旧书回溯/ [索取号:TP278-64.05/1] 在馆    
16 2000120403   2000120403   旧书回溯/ [索取号:TP278-64.05/1] 在馆    
17 2000120404   2000120404   旧书回溯/ [索取号:TP278-64.05/1] 在馆    
18 2000120405   2000120405   旧书回溯/ [索取号:TP278-64.05/1] 在馆    
19 2000120406   2000120406   旧书回溯/ [索取号:TP278-64.05/1] 在馆    
山东省滨州职业学院图书馆 欢迎您!
大连网信软件有限公司© 版权所有